| 000 | 01099cam a22003375a 4500 | ||
|---|---|---|---|
| 999 |
_c9599 _d9599 |
||
| 003 | EG-ScBUE | ||
| 005 | 20200106102958.0 | ||
| 008 | 190725t1989 nyua f b 001 0 eng d | ||
| 020 | _a0070259178 | ||
| 020 | _a9780070259171 | ||
| 040 |
_aEG-ScBUE _beng _erda _cEG-ScBUE _dEG-ScBUE |
||
| 082 | 0 | 4 |
_a808.042 _bHAM _222 |
| 100 | 1 |
_aHammond, Eugene, _eauthor. |
|
| 245 | 1 | 0 |
_aCritical thinking thoughtful writing / _cEugene R. Hammond, University of Maryland. |
| 250 | _aSecond edition. | ||
| 264 | 1 |
_aNew York : _bMcGraw-Hill, _c[1989] |
|
| 264 | 4 | _cc 1989 | |
| 300 |
_axxii, 370 pages : _billustrations ; _c23 cm |
||
| 336 |
_2rdacontent _atext _btxt |
||
| 337 |
_2rdamedia _aunmediated _bn |
||
| 338 |
_2rdacarrier _avolume _bnc |
||
| 504 | _aIncludes bibliographical references and index. | ||
| 590 | _aMohamed. | ||
| 650 | 7 |
_aEnglish language _xRhetoric. _2BUEsh |
|
| 650 | 7 |
_aExposition (Rhetoric) _2BUEsh |
|
| 650 | 7 |
_aCritical thinking. _2BUEsh |
|
| 650 | 7 |
_aAcademic writing. _2BUEsh |
|
| 653 |
_bHHUUEENN _cJuly2019 |
||
| 655 | _vReading book | ||
| 942 |
_cBB _k808.042 HAM _2ddc |
||